|
|
|
|
| LEADER |
02715nam a22004935i 4500 |
| 001 |
978-3-319-21416-0 |
| 003 |
DE-He213 |
| 005 |
20170313151223.0 |
| 007 |
cr nn 008mamaa |
| 008 |
151008s2015 gw | s |||| 0|eng d |
| 020 |
|
|
|a 9783319214160
|9 978-3-319-21416-0
|
| 024 |
7 |
|
|a 10.1007/978-3-319-21416-0
|2 doi
|
| 040 |
|
|
|d GrThAP
|
| 050 |
|
4 |
|a QA276-280
|
| 072 |
|
7 |
|a PBT
|2 bicssc
|
| 072 |
|
7 |
|a MBNS
|2 bicssc
|
| 072 |
|
7 |
|a MED090000
|2 bisacsh
|
| 082 |
0 |
4 |
|a 519.5
|2 23
|
| 100 |
1 |
|
|a Schwarzer, Guido.
|e author.
|
| 245 |
1 |
0 |
|a Meta-Analysis with R
|h [electronic resource] /
|c by Guido Schwarzer, James R. Carpenter, Gerta Rücker.
|
| 264 |
|
1 |
|a Cham :
|b Springer International Publishing :
|b Imprint: Springer,
|c 2015.
|
| 300 |
|
|
|a XII, 252 p. 58 illus., 4 illus. in color.
|b online resource.
|
| 336 |
|
|
|a text
|b txt
|2 rdacontent
|
| 337 |
|
|
|a computer
|b c
|2 rdamedia
|
| 338 |
|
|
|a online resource
|b cr
|2 rdacarrier
|
| 347 |
|
|
|a text file
|b PDF
|2 rda
|
| 490 |
1 |
|
|a Use R!,
|x 2197-5736
|
| 505 |
0 |
|
|a Part I Getting Started: An Introduction to Meta-Analysis in R -- Part II Standard Methods: Fixed Effect and Random Effects Meta-Analysis -- Meta-Analysis with Binary Outcomes -- Heterogeneity and Meta-Regression -- Part III Advanced Topics: Small-Study Effects in Meta-Analysis -- Missing Data in Meta-Analysis -- Multivariate Meta-Analysis -- Network Meta-Analysis -- Meta-Analysis of Diagnostic Test Accuracy Studies -- Further Information on R -- Index.
|
| 520 |
|
|
|a This book provides a comprehensive introduction to performing meta-analysis using the statistical software R. It is intended for quantitative researchers and students in the medical and social sciences who wish to learn how to perform meta-analysis with R. As such, the book introduces the key concepts and models used in meta-analysis. It also includes chapters on the following advanced topics: publication bias and small study effects; missing data; multivariate meta-analysis, network meta-analysis; and meta-analysis of diagnostic studies. .
|
| 650 |
|
0 |
|a Statistics.
|
| 650 |
|
0 |
|a Biostatistics.
|
| 650 |
1 |
4 |
|a Statistics.
|
| 650 |
2 |
4 |
|a Statistics for Life Sciences, Medicine, Health Sciences.
|
| 650 |
2 |
4 |
|a Statistics for Social Science, Behavorial Science, Education, Public Policy, and Law.
|
| 650 |
2 |
4 |
|a Biostatistics.
|
| 700 |
1 |
|
|a Carpenter, James R.
|e author.
|
| 700 |
1 |
|
|a Rücker, Gerta.
|e author.
|
| 710 |
2 |
|
|a SpringerLink (Online service)
|
| 773 |
0 |
|
|t Springer eBooks
|
| 776 |
0 |
8 |
|i Printed edition:
|z 9783319214153
|
| 830 |
|
0 |
|a Use R!,
|x 2197-5736
|
| 856 |
4 |
0 |
|u http://dx.doi.org/10.1007/978-3-319-21416-0
|z Full Text via HEAL-Link
|
| 912 |
|
|
|a ZDB-2-SMA
|
| 950 |
|
|
|a Mathematics and Statistics (Springer-11649)
|